书目信息 |
| 题名: |
煤炭企业安全投入水平、效率与结构评价研究
|
|
| 作者: | 梁美健, , 闫蔚 , 张慧 著 | |
| 分册: | ||
| 出版信息: | 北京 经济管理出版社 2015 |
|
| 页数: | 133页 | |
| 开本: | 24cm | |
| 丛书名: | ||
| 单 册: | ||
| 中图分类: | F426.21 | |
| 科图分类: | ||
| 主题词: | 煤炭企业--mei tan qi ye--安全投入--研究--中国 | |
| 电子资源: | ||
| ISBN: | 978-7-5096-3797-5 | |
| 000 | 01357nam0 2200277 450 | |
| 001 | 2328693771 | |
| 005 | 20231203075834.85 | |
| 010 | @a978-7-5096-3797-5@dCNY42.00 | |
| 100 | @a20151104d2015 em y0chiy50 ea | |
| 101 | 0 | @achi |
| 102 | @aCN@b110000 | |
| 105 | @aak a 000yy | |
| 200 | 1 | @a煤炭企业安全投入水平、效率与结构评价研究@Amei tan qi ye an quan tou ru shui ping 、xiao lv yu jie gou ping jia yan jiu@f梁美健, 闫蔚, 张慧著 |
| 210 | @a北京@c经济管理出版社@d2015 | |
| 215 | @a133页@c图@d24cm | |
| 300 | @a2012教育部规划基金项目 (12YJA630067): 基于安全投入水平的煤矿安全不良状况预警管理研究 | |
| 314 | @a梁美健, 1966年4月出生于河北省唐山市, 籍贯广东省顺德市。现为首都经济贸易大学财政税务学院教授。 | |
| 320 | @a有书目 (第122-133页) | |
| 330 | @a作为我国经济发展核心支柱和重要能源之一的煤炭, 在国民经济发展中占有重要地位。煤炭业的快速发展带来频发的煤炭事故, 煤炭安全问题成为国家安全的重中之重。众多学者研究发现, 我国煤炭企业安全水平较低的原因是煤炭企业安全投入量不足, 安全投入结构不合理。为此, 如何提高安全投入水平, 如何优化安全投入结构对煤炭企业安全生产具有重要的意义。 | |
| 606 | 0 | @a煤炭企业@Amei tan qi ye@x安全投入@x研究@y中国 |
| 690 | @aF426.21@v5 | |
| 701 | 0 | @a梁美健,@Aliang mei jian@f1966-@4著 |
| 701 | 0 | @a闫蔚@Ayan wei@4著 |
| 701 | 0 | @a张慧@Azhang hui@4著 |
| 801 | 0 | @aCN@b湖北三新@c20151104 |
| 905 | @aZUCC@dF426.21@e15 | |
| 煤炭企业安全投入水平、效率与结构评价研究/梁美健, 闫蔚, 张慧著.-北京:经济管理出版社,2015 |
| 133页:图;24cm |
| 2012教育部规划基金项目 (12YJA630067): 基于安全投入水平的煤矿安全不良状况预警管理研究 |
| ISBN 978-7-5096-3797-5:CNY42.00 |
| 作为我国经济发展核心支柱和重要能源之一的煤炭, 在国民经济发展中占有重要地位。煤炭业的快速发展带来频发的煤炭事故, 煤炭安全问题成为国家安全的重中之重。众多学者研究发现, 我国煤炭企业安全水平较低的原因是煤炭企业安全投入量不足, 安全投入结构不合理。为此, 如何提高安全投入水平, 如何优化安全投入结构对煤炭企业安全生产具有重要的意义。 |
| ● |
| 相关链接 |
|
|
|
正题名:煤炭企业安全投入水平、效率与结构评价研究
索取号:F426.21/15
 
预约/预借
| 序号 | 登录号 | 条形码 | 馆藏地/架位号 | 状态 | 备注 |
| 1 | 2001289812 | 2001289812 | 320书库/ [索取号:F426.21/15] | 在馆 | |
| 2 | 2001289813 | 2001289813 | 320书库/ [索取号:F426.21/15] | 在馆 | |
| 3 | 2001289814 | 2001289814 | 320书库/ [索取号:F426.21/15] | 在馆 | |
| 4 | 2001289815 | 2001289815 | 320书库/ [索取号:F426.21/15] | 在馆 | |
| 5 | 2001289816 | 2001289816 | 320书库/ [索取号:F426.21/15] | 在馆 | |
| 6 | 2001289817 | 2001289817 | 320书库/ [索取号:F426.21/15] | 在馆 | |
| 7 | 2001289818 | 2001289818 | 320书库/ [索取号:F426.21/15] | 在馆 | |
| 8 | 2001289819 | 2001289819 | 320书库/ [索取号:F426.21/15] | 在馆 | |
| 9 | 2001289820 | 2001289820 | 320书库/ [索取号:F426.21/15] | 在馆 | |
| 10 | 2001289821 | 2001289821 | 320书库/ [索取号:F426.21/15] | 在馆 | |
| 11 | 2001289822 | 2001289822 | 320书库/ [索取号:F426.21/15] | 在馆 | |
| 12 | 2001289823 | 2001289823 | 320书库/ [索取号:F426.21/15] | 在馆 | |
| 13 | 2001289824 | 2001289824 | 214主题书屋/214室1架1层1列/ [索取号:F426.21/15] | 在馆 | |
| 14 | 2001289825 | 2001289825 | 214主题书屋/214室1架1层1列/ [索取号:F426.21/15] | 在馆 | |
| 15 | 2001289826 | 2001289826 | 320书库/ [索取号:F426.21/15] | 在馆 | |
| 16 | 2001289827 | 2001289827 | 214主题书屋/214室1架1层1列/ [索取号:F426.21/15] | 在馆 | |
| 17 | 2001289828 | 2001289828 | 320书库/ [索取号:F426.21/15] | 在馆 | |
| 18 | 2001289829 | 2001289829 | 320书库/ [索取号:F426.21/15] | 在馆 | |
| 19 | 2001289830 | 2001289830 | 214主题书屋/214室1架1层1列/ [索取号:F426.21/15] | 在馆 | |
| 20 | 2001289831 | 2001289831 | 214主题书屋/214室1架1层1列/ [索取号:F426.21/15] | 在馆 | |
| 21 | 2001289832 | 2001289832 | 214主题书屋/214室1架1层1列/ [索取号:F426.21/15] | 在馆 | |
| 22 | 2001289833 | 2001289833 | 320书库/ [索取号:F426.21/15] | 在馆 | |
| 23 | 2001289834 | 2001289834 | 320书库/ [索取号:F426.21/15] | 在馆 | |
| 24 | 2001289835 | 2001289835 | 320书库/ [索取号:F426.21/15] | 在馆 | |
| 25 | 2001289836 | 2001289836 | 320书库/ [索取号:F426.21/15] | 在馆 | |
| 26 | 2001289837 | 2001289837 | 320书库/ [索取号:F426.21/15] | 在馆 | |
| 27 | 2001289838 | 2001289838 | 320书库/ [索取号:F426.21/15] | 在馆 | |
| 28 | 2001289839 | 2001289839 | 320书库/ [索取号:F426.21/15] | 在馆 | |
| 29 | 2001289840 | 2001289840 | 320书库/ [索取号:F426.21/15] | 在馆 | |
| 30 | 2001289841 | 2001289841 | 320书库/ [索取号:F426.21/15] | 在馆 |